| 000 | 00402nam a22001697a 4500 | ||
|---|---|---|---|
| 003 | SGT | ||
| 020 | _a9780367251482 | ||
| 082 |
_a614.1 _bD22D |
||
| 100 | _aDIMAIO, VINCENT J.M. | ||
| 245 | _aDIMAIO'S FORENSIC PATHOLOGY | ||
| 250 | _a3RD | ||
| 260 |
_aBOCA RATON _bCRC PRESS PUB _c2022 |
||
| 300 | _a530 | ||
| 650 | _aFORENSIC MEDICINE | ||
| 653 | _aDIMAIO'S FORENSIC PATHOLOGY | ||
| 942 |
_2ddc _cBK |
||
| 999 |
_c22538 _d22538 |
||